| 000 | 00517cam a2200169 a 4500 | ||
|---|---|---|---|
| 020 | _a9780525950288 | ||
| 020 | _a0525950281 | ||
| 050 | 0 | 0 |
_aPS3601.B36 _bC65 2008 |
| 100 | 1 | _aAbbott, Jeff. | |
| 245 | 1 | 0 |
_aCollision / _cJeff Abbott. |
| 260 |
_aNew York : _bDutton, _cc2008. |
||
| 300 | _a320 p. ; | ||
| 650 |
_xAssassins ; _xAustin (Tex.). |
||
| 856 | 4 | 2 | _uhttp://www.loc.gov/catdir/enhancements/fy0902/2007039478-b.html |
| 856 | 4 | 2 | _uhttp://www.loc.gov/catdir/enhancements/fy0902/2007039478-d.html |
| 942 |
_2lcc _cGEN |
||
| 999 |
_c9524 _d9524 |
||